|
|
|
|
| LEADER |
00000cam a2200000 7i4500 |
| 001 |
0000046558 |
| 005 |
20150401.0 |
| 008 |
150401 |
| 020 |
|
|
|a 9674150250
|
| 020 |
|
|
|a 9789674150259
|
| 090 |
0 |
0 |
|a 923.2595
|b MAH
|
| 100 |
1 |
|
|a Mahathir Mohamad, Tun
|
| 245 |
1 |
0 |
|a Doktor umum :
|b memoir Tun Dr Mahathir Mohamad
|c Tun Mahathir Mohamad
|
| 260 |
|
|
|a Selangor :
|b MPH Group Publishing Sdn. Bhd. ,
|c 2012
|
| 500 |
|
|
|a Includes Index(964-982pg.)
|
| 650 |
|
0 |
|a Ex-prime ministers
|x Malaysia
|x Biography
|
| 650 |
|
0 |
|a Mahathir bin Mohamad, Tun, 1925-.
|
| 650 |
|
0 |
|a Malaysia
|x Politics and government
|
| 999 |
|
|
|a 0001194504
|b Book
|c Adult Collection
|e Cawangan Tmn. Ungku Tun Aminah
|
| 999 |
|
|
|a 0001194507
|b Book
|c Adult Collection
|e Cawangan Tangkak
|
| 999 |
|
|
|a 0001194508
|b Book
|c Adult Collection
|e Cawangan Bukit Gambir
|
| 999 |
|
|
|a 0001194509
|b Book
|c Adult Collection
|e Cawangan Bandar Tenggara
|
| 999 |
|
|
|a 0001194510
|b Book
|c Adult Collection
|e Cawangan Mersing
|
| 999 |
|
|
|a 0001194511
|b Book
|c Adult Collection
|e Cawangan Muar
|
| 999 |
|
|
|a 0001194512
|b Book
|c REFERENCE
|e Cawangan Segamat
|
| 999 |
|
|
|a 0001728780
|b Book
|c Teenagers
|e Cawangan Sri Merlong
|